| 000 | 00613nam a22001937a 4500 | ||
|---|---|---|---|
| 003 | OSt | ||
| 005 | 20260624122300.0 | ||
| 008 | 260624b |||||||| |||| 00| 0 eng d | ||
| 020 | _a1572309822 | ||
| 040 | _cChuka University Library | ||
| 050 | _aLB 2844.7 .R5 2004 | ||
| 100 |
_aBean Rita M. _931074 |
||
| 245 | _aThe Reading Specialist: Leadership for the Classroom, School and Community | ||
| 260 |
_aNew York _bThe Guilford Press _c2004 |
||
| 300 | _aVarious Pagings | ||
| 650 |
_aReading Teachers --United States _931075 |
||
| 650 |
_aReading-Remedial Teaching-United States _931076 |
||
| 942 |
_2lcc _cBK _n0 |
||
| 999 |
_c25157 _d25157 |
||